000
00297nam a2200109Ia 4500
001
1272303
005
20260417151426.0
008
260417s9999 xx 000 0 und d
020
_a
9786256309975
245
0
_a
Dut - Bir Tırtılın (Sevgi Dolu) Hikayesi
_c
Paola Rattazzi
260
_b
Ketebe Çocuk
999
_c
1272303
_d
1272303